Normal view
MARC view
- Psychology.
Entry Topical Term
001 - CONTROL NUMBER
- control field: 60079
003 - CONTROL NUMBER IDENTIFIER
- control field: OSt
005 - DATE AND TIME OF LATEST TRANSACTION
- control field: 20240904140404.0
008 - FIXED-LENGTH DATA ELEMENTS
- fixed length control field: 240904|| aca||aabn | a|a d
040 ## - CATALOGING SOURCE
- Original cataloging agency: OSt
- Transcribing agency: OSt
150 ## - HEADING--TOPICAL TERM
- Topical term or geographic name entry element: Psychology.
670 ## - SOURCE DATA FOUND
- Source citation: Work cat.: (OSt)20465: Jakubiak, Brittany K. author. 40030, Benefits of daily support visibility versus invisibility across the adult life span /, May 2020.
